|
|
|
|
| LEADER |
02001nam a2200481 i 4500 |
| 001 |
EBC1652941 |
| 003 |
MiAaPQ |
| 005 |
20200520144314.0 |
| 006 |
m o d | |
| 007 |
cr cnu|||||||| |
| 008 |
140326t20142014njua ob 001 0 eng d |
| 020 |
|
|
|z 9781118555804
|
| 020 |
|
|
|a 9781118852804
|q (electronic bk.)
|
| 020 |
|
|
|a 9781118852828
|q (electronic bk.)
|
| 035 |
|
|
|a (MiAaPQ)EBC1652941
|
| 035 |
|
|
|a (Au-PeEL)EBL1652941
|
| 035 |
|
|
|a (CaPaEBR)ebr10849243
|
| 035 |
|
|
|a (OCoLC)874322359
|
| 040 |
|
|
|a MiAaPQ
|b eng
|e rda
|e pn
|c MiAaPQ
|d MiAaPQ
|
| 043 |
|
|
|a n-us---
|
| 050 |
|
4 |
|a KF1416
|b .P738 2014
|
| 082 |
0 |
|
|a 346.73065
|2 23
|
| 100 |
1 |
|
|a Pratt, Shannon P.,
|e author.
|
| 245 |
1 |
0 |
|a Cost of capital :
|b applications and examples /
|c Shannon P. Pratt, Roger J. Grabowski.
|
| 250 |
|
|
|a Fifth edition.
|
| 264 |
|
1 |
|a Hoboken, New Jersey :
|b Wiley,
|c 2014.
|
| 264 |
|
4 |
|c 2014
|
| 300 |
|
|
|a 1 online resource (1345 pages) :
|b illustrations
|
| 336 |
|
|
|a text
|2 rdacontent
|
| 337 |
|
|
|a computer
|2 rdamedia
|
| 338 |
|
|
|a online resource
|2 rdacarrier
|
| 504 |
|
|
|a Includes bibliographical references at the end of each chapters and indexes.
|
| 588 |
|
|
|a Description based on print version record.
|
| 590 |
|
|
|a Electronic reproduction. Ann Arbor, MI : ProQuest, 2015. Available via World Wide Web. Access may be limited to ProQuest affiliated libraries.
|
| 650 |
|
0 |
|a Business enterprises
|x Valuation
|x Law and legislation
|z United States.
|
| 650 |
|
0 |
|a Business enterprises
|x Valuation.
|
| 650 |
|
0 |
|a Capital investments
|x Law and legislation
|z United States.
|
| 650 |
|
0 |
|a Capital investments.
|
| 655 |
|
4 |
|a Electronic books.
|
| 700 |
1 |
|
|a Grabowski, Roger J.,
|e author.
|
| 776 |
0 |
8 |
|i Print version:
|a Pratt, Shannon P.
|t Cost of capital : applications and examples.
|d Hoboken, New Jersey : Wiley, c2014
|b Fifth edition.
|h xxxi, 1311 pages
|z 9781118555804
|
| 797 |
2 |
|
|a ProQuest (Firm)
|
| 856 |
4 |
0 |
|u https://ebookcentral.proquest.com/lib/matrademy/detail.action?docID=1652941
|z Click to View
|